[Event "IECC P-4301"]
[Site "IECC email"]
[Date "2007.04.01"]
[Round "?"]
[White "Lanway, Ron"]
[Black "Kato, Teruyuki"]
[Result "0-1"]
[WhiteElo "1300"]
[BlackElo "1275"]
[PlyCount "40"]
[EventDate "2007.??.??"]
[EventType "tourn (corr)"]
[EventRounds "1"]
[SourceTitle "Corr 2008"]
[Source "ChessBase"]
[SourceDate "2008.06.24"]
[SourceVersion "1"]
[SourceVersionDate "2008.06.24"]
[SourceQuality "1"]
[WhiteTeam "US of America"]
[BlackTeam "Japan"]
[WhiteTeamCountry "USA"]
[BlackTeamCountry "JPN"]

1. d4 Nf6 2. Nf3 d5 3. e3 e6 4. Bd3 g6 5. 0-0 Bg7 6. c4 0-0 7. b3 c6 8. Ba3 Re8 9. Nc3 Nbd7 10. Rc1 Qc7 11. Qd2 b6 12. cxd5 Nxd5 13. Nb5 Qb8 14. Rxc6 Bf8 15. e4 Bxa3 16. exd5 Bf8 17. Nc7 Bb7 18. Nxe8 Bxc6 19. dxc6 Qxe8 20. cxd7 Qxd7 0-1